Blýska sa na lepšie časy?

Cieľom tohto článku je analzyzovať, či príznaky oživenia výsledkov slovenských podnikov registrované v r. 2000 sú trvalejšieho charakterum,či zhodnocovací proces naštartoval pozitívny trend. Vývoj finančnej situácie v celom súbore podnikov. Ukazovatele lividity. Ukazovatele aktivity. Ukazovatele zad...

Ausführliche Beschreibung

Gespeichert in:
Bibliographische Detailangaben
1. Verfasser: Zalai, Karol
Format: Buchkapitel
Sprache:Slowakisch
Schlagworte:
Tags: Tag hinzufügen
Keine Tags, Fügen Sie das erste Tag hinzu!

MARC

LEADER 00000naa$a2200000$$$4500
001 0005529
005 20221128110403.3
041 0 |a slo 
044 |a SK 
245 1 0 |a Blýska sa na lepšie časy?  |c aut. Karol Zalai 
520 |a Cieľom tohto článku je analzyzovať, či príznaky oživenia výsledkov slovenských podnikov registrované v r. 2000 sú trvalejšieho charakterum,či zhodnocovací proces naštartoval pozitívny trend. Vývoj finančnej situácie v celom súbore podnikov. Ukazovatele lividity. Ukazovatele aktivity. Ukazovatele zadlženosti. Ukazovatele rentability. 
610 2 0 |a analýza finančná 
610 2 0 |a situácia finančná podniku 
610 2 0 |a výsledok hospodársky 
610 2 0 |a podnik 
610 2 0 |a Slovensko 
610 2 0 |a 1998-2001 
610 2 0 |a ukazovatele finančné 
610 2 0 |a likvidita podniku 
610 2 0 |a ukazovatele rentability 
610 2 0 |a zadlženosť 
610 2 0 |a výnosnosť 
100 1 |a Zalai, Karol